01059nam a2200217Ia 4500952011200000999001700112008004100129020001500170050001900185100004500204240007200249245008700321260003200408300001800440500002400458504004200482505024300524519004400767650002300811942000700834 00102lcc4070a03b03d2001-05-15l2oHD31 A24 1995p03 001421r2017-08-02s2017-08-02t1w2012-07-20yLB c79168d79168120720s1995 mx 000 0 spa d a9681815351 aHD31bA24 199510aAchilles De Faria Mello, Fernandoeautor aDesenvolvimiento das organizacoes, uma opcao integradoralespañol aDesarrollo Organizacionalb : Enfoque Integralc / Fernando Achilles De Faria Melo aMéxicob : Limusac, 1995 a183 páginas aReimpresión: 1995 aIncluye: bibliografía (pp. 181-183) aConceptuación del D. O. Perspectiva del desarrollo organizacional Cambio organizacional Operacionalización: Estrategia y táctica El agente del desarrollo organizacional ¿quién es? Métodos, técnicas e instrumentos Conclusiones aMaterial Complementario / d(03 001421)14aORGANIZACION93275 cLB